Can you name what the elements were named after? - Statistics

General Stats
  • This quiz has been taken 24 times
  • The average score is 24 of 33
Answer Stats
Element Answer % Correct
Einsteinium Albert Einstein
100%
Americium America
100%
Californium California
100%
Europium Europe
100%
Francium France
100%
Germanium Germany
100%
Curium Marie Curie
100%
Moscovium Moscow, Russia
100%
Neptunium Neptune, the planet
100%
Plutonium Pluto, the dwarf planet
100%
Uranium Uranus, the planet
100%
Nobelium Alfred Nobel
93%
Bohrium Niels Bohr
93%
Tennessine Tennessee
93%
Thorium Thor, Norse god
93%
Hydrogen hydro prefix for water
86%
Mercury Mercury, Roman god
86%
Polonium Poland
79%
Promethium Prometheus, Greek Titan
71%
Radium Radioactive
71%
Titanium Titans in Greek Mythology
71%
Berkelium Universiry of California, Berkely
71%
Mendelevium Dmitri Mendeleev, creator of Periodic Table
64%
Helium Helios; Greek god of the sun
64%
Holmium Second half of Stockholm
43%
Scandium Scandanavia
36%
Rhenium The Rhine River
36%
Sodium Soda, as in baking soda
29%
Indium Indigo
21%
Iridium Iris of the eye
21%
Platinum Metal plate
21%
Gallium Gaul, Ancient France
7%
Radon Radium, which decays into radon
0%
No matching quizzes found
Score Distribution
Percent of People with Each Score
Percentile by Number Answered
Your Score History
You have not taken this quiz